000 00421nam a2200181Ia 4500
001 22991
005 20260414150907.0
008 260414t2011||||xx |||||||||||||| ||spa||
041 _aESP
082 _a624.1762
_bC17
100 _aCalvi, Gian Michele
_eAUT
245 0 _aProgettare i gusci
_b
260 _c2011
300 _ax, 799 páginas :
_c25 cm.
650 _a0
654 _aCIC
942 _cLIB
_dJUS
_fJUS
_2ddc
_n
999 _c22991
_d22991